000 00663nam a2200277Ia 4500
005 20260324121812.0
008 008 260324s9999 xx 000 0 eng d
020 _a9781315595078
037 _aEBOOK
040 _aCRL
040 _beng
040 _cCRL
041 _2eng
041 _aeng
084 _qCRL
100 _aGareth Healey
_91163936
245 0 _aMessiaen's Musical Techniques: The Composer's View and Beyond
260 _bTaylor and Francis
260 _c2013
365 _a
365 _b240
856 _uhttp://www.taylorfrancis.com/books/9781315595078
942 _cEBOOK
999 _c1756252
_d1756252